| 000 -LEADER |
| fixed length control field |
00503nam a22001697a 4500 |
| 008 - FIXED-LENGTH DATA ELEMENTS--GENERAL INFORMATION |
| fixed length control field |
150601b xxu||||| |||| 00| 0 eng d |
| 020 ## - INTERNATIONAL STANDARD BOOK NUMBER |
| International Standard Book Number |
9780618388042 |
| 041 0# - LANGUAGE CODE |
| Language code of text/sound track or separate title |
eng |
| 080 ## - UNIVERSAL DECIMAL CLASSIFICATION NUMBER |
| Universal Decimal Classification number |
514.11 |
| 100 1# - Rafti |
| Rafti |
Aufmann, Richard N. |
| 245 10 - TITLE STATEMENT |
| Title |
College trigonometry / |
| Statement of responsibility, etc |
Richard N. Aufmann, Vernon C. Barker, Richard D. Nation. |
| 300 ## - |
| -- |
1 v.(Numër të ndryshëm te faqeve) : |
| -- |
me il. ; |
| -- |
27 cm. |
| 650 #0 - |
| -- |
Trigonometri |
| 700 1# - |
| -- |
Barker, Vernon C. |
| 700 1# - |
| -- |
Nation, Richard. |
| 942 ## - ADDED ENTRY ELEMENTS (KOHA) |
| Source of classification or shelving scheme |
|
| Item type |
Books |